Нормален изглед
MARC изглед
- Военноморски сили
Вход 09. Предметна рубрика
001 - Контролен номер на записа
- Контролно поле: 433492
003 - Код на организацията, даваща контролен номер
- Контролно поле: BLK
005 - Дата и час на последна промяна на записа
- Контролно поле: 20200910083649.0
008 - Данни с фиксирана дължина – обща информация
- Данни с фиксирана дължина : 200910|| aca||babn | a|a d
150 ## - ТЕМАТИЧНА ПРЕДМЕТНА РУБРИКА
- Редна дума или Топографско име: Военноморски сили
942 ## - Системна служебна употреба
- Koha auth type: TOPIC_TERM